01204 2200349 4500001002100000005001500021035002000036007000300056008004100059020002200100040002200122082002100144084002300165090002700188090002200215100003600237245016000273250003500433300006300468650003600531700002900567700002500596700003500621850001200656504003200668264003600700336002100736337003000757338002300787999002200810990002200832INLIS00000000085888520210419121924 a0010-0421000790ta210316t2020 yoia g ind d a978-623-02-0708-2 aYOPDYOGbinderda04223a309.20959883 a309.20959883 MAR i aDEP 309.20959883 MAR i aCB-D.11 2020-12500 aMarkus Heryanto Langsaepenulis10aIndeks kualitas lingkungan hidup Provinsi Papua Barat 2019 /cpenulis, Markus Heryanto Langsa, Jonni Marwa, Francine Leo Hematang; penyunting, Anton Sinery aCetakan pertama, Februari 2020 ax, 117 halaman :bilustrasi berwarna, foto, tabel ;c23 cm 4aLingkungan hidup--zPapua Barat0 aAnton Sineryepenyunting0 aJonni Marwaepenulis0 aFrancine Leo Hematangepenulis aYOPDYOG aBibliografi : halaman 95-9731aYogyakarta :bDeepublish,c2020 2rdacontentateks 2rdamediaatanpa perantara 2rdacarrieravolume aCB-D.11/2020-1250 aCB-D.11/2020-1250